00856 2200217 4500001002100000005001500021035002000036007000300056008004100059020001800100082001100118084001700129100002500146245010400171250000900275260003400284300002700318520024400345600002500589990002400614INLIS00000000001108720250729111318 a0010-0725000004ta250729 0 ind  a9786233727570 a340.11 a340.11 MER m0 aMery Christian Putri1 aMenggagas regulasi financial technology yang konstitusional dan berkeadilan /cMery Christian Putri aed.1 aDepok :bRajawali Pers,c2022 axvii, 230 hlm ;c23 cm aBuku ini menjelaskan secara komprehensif dengan menganalisis sejarah finansial technology eksisting yang diterapkan di Indonesia da perbandingannya dengan beberapa negara, serta model pengaturan fintech yang konstitusional dan berkeadilan. 4atekhnologi dan hukum a27424/MKRI-P/I-2024